Central Library OPAC University of Rajshahi

Muslims and Media Images : (Record no. 41161)

MARC details
000 -LEADER
fixed length control field 00986nam a2200277 a 4500
001 - CONTROL NUMBER
control field 41161
003 - CONTROL NUMBER IDENTIFIER
rucl marc code (BD-RJUL)
005 - DATE AND TIME OF LATEST TRANSACTION
control field 20211209053336.0
008 - FIXED-LENGTH DATA ELEMENTS--GENERAL INFORMATION
fixed length control field 160516s2009 ii b 001 0 eng d
020 ## - INTERNATIONAL STANDARD BOOK NUMBER
International Standard Book Number 9780195694956 (hbk.)
Terms of availability : IRs. 695.00
International Standard Book Number 0195694953 (hbk.)
Terms of availability : IRs. 695.00
035 ## - SYSTEM CONTROL NUMBER
System control number (BD-RJUL)41277
040 ## - CATALOGING SOURCE
Original cataloging agency StDuBDS
Language of cataloging eng
Transcribing agency StDuBDS
Modifying agency UkOxU
-- BD-RJUL
041 ## - LANGUAGE CODE
Language code of text/sound track or separate title eng
082 04 - DEWEY DECIMAL CLASSIFICATION NUMBER
Classification number 302.23088297
Edition number 23
Author mark and year MUS 2009
245 00 - TITLE STATEMENT
Title Muslims and Media Images :
Remainder of title News versus views /
Statement of responsibility, etc. edited by Ather Farouqui
260 ## - PUBLICATION, DISTRIBUTION, ETC. (IMPRINT)
Place of publication, distribution, etc. New Delhi :
Name of publisher, distributor, etc. Oxford University Press,
Date of publication, distribution, etc. 2009.
300 ## - PHYSICAL DESCRIPTION
Pagination xiv, 354 p. ;
Size 23 cm.
504 ## - BIBLIOGRAPHY, ETC. NOTE
Bibliography, etc Includes bibliographical references and index.
650 #0 - SUBJECT ADDED ENTRY--TOPICAL TERM
Topical term or geographic name as entry element Mass media
General subdivision Objectivity
Geographic subdivision India.
9 (RLIN) 126611
Topical term or geographic name as entry element Muslims
Geographic subdivision India
General subdivision Public opinion.
9 (RLIN) 126612
Topical term or geographic name as entry element Muslims
General subdivision Press coverage
Geographic subdivision India.
9 (RLIN) 233955
Topical term or geographic name as entry element Muslims in popular culture
Geographic subdivision India.
9 (RLIN) 233956
700 1# - ADDED ENTRY--PERSONAL NAME
Personal name Fārouqui, At̤her, ed.
942 ## - ADDED ENTRY ELEMENTS (KOHA)
Source of classification or shelving scheme Dewey Decimal Classification
Koha item type Books
Holdings
Lost status Source of classification or shelving scheme Damaged status Not for loan Collection code Permanent Location Current Location Shelving location Date acquired Source of acquisition Cost, normal purchase price Total Checkouts Full call number Date last seen Copy number Koha item type
  Dewey Decimal Classification     Non-fiction Central Library, University of Rajshahi Central Library, University of Rajshahi   20/09/2010 Dhaka : Paragon Enterprise 695.00   302.23088297 MUS 2009 16/05/2016 C-2 Books
  Dewey Decimal Classification   Not For Loan Non-fiction Central Library, University of Rajshahi Central Library, University of Rajshahi Reading Room 20/09/2010 Paragon Enterprizes, Dhaka 695.00   302.23088297 MUS 2009 03/12/2016 C-1 Books